| 000 | 01325cam a22003857a 4500 | ||
|---|---|---|---|
| 001 | 000087882 | ||
| 003 | CHAP | ||
| 005 | 20220329142510.0 | ||
| 008 | 010703d1986 mx r 00110 spa d | ||
| 010 | _a84355 | ||
| 011 | _a85327 | ||
| 020 | _a9684271271 | ||
| 035 | _a95860 | ||
| 040 | _cCHAP | ||
| 082 | 0 | 4 |
_a972 _bP32 |
| 245 | 1 | 0 |
_aVida y pensamiento de Narciso Bassols : _bprólogo, selección y notas / _c/por Fernando Paz Sánchez. |
| 260 |
_aMéxico, D.F. : _bNuestro Tiempo, _c1986. |
||
| 300 | _a229 p. | ||
| 490 | 0 | _aColección : pensamiento político de méxico | |
| 590 |
_aBATCH-UPD _b10 _c20130110 _lUCH01 _h1249 |
||
| 590 |
_aBATCH-UPD _b10 _c20130410 _lUCH01 _h0812 |
||
| 590 |
_aBATCH-UPD _b10 _c20130914 _lUCH01 _h1933 |
||
| 590 |
_aCONVERSION _b10 _c20130109 _lUCH01 _h1347 |
||
| 590 |
_aE11695DGD _b20 _c20170619 _lUCH01 _h1108 |
||
| 650 | 1 | 4 |
_aBassols, Narciso _910732 |
| 650 | 1 | 4 |
_aPolíticos mexicanos. _990723 |
| 830 | 0 | 0 |
_aColección : pensamiento político de méxico _924674 |
| 901 | _aBK | ||
| 905 | _aAlejandra Carrasco M. | ||
| 942 | _cLIBRO | ||
| 942 | _n0 | ||
| 949 |
_a972 P3 _bBC _cLIBRO _d33724000834602 _eLIBRO _fc.3 _h100667 _i95860 _si |
||
| 949 |
_a972 P3 _bBC _cLIBRO _d33724000834610 _eLIBRO _fc.2 _h100666 _i95860 _si |
||
| 949 |
_a972 P3 _bBC _cLIBRO _d33724000834677 _eLIBRO _h100665 _i95860 _si |
||
| 999 |
_c84355 _d84355 |
||